00605nam a2200169 a 450000100100000000500170001000800410002704000250006808200160009310000360010924500830014524600530022826000680028130000280034950400320037765000260040900002474620200930023338.0110203s1992 pr a r 000 0 spa d aDO-SdBNPbspacBNPHU a972.95bQ7c1 aQuiñones Calderón, Antonio.10a50 décadas de historia puertorriqueña /cAntonio Quiñones Calderón.10.13aCincuenta décadas de historia puertorriqueña aSan Juan, Puento Rico :bGobierno Municipal de San Juan,c1992. a477 p. :bil. ;c18 cm. aBibliografía : 471-477 p. 4aPuerto ricoxHistoria